Kamusi ya Kiswahili Sanifu (Record no. 15260)
[ view plain ]
| 000 -LEADER | |
|---|---|
| fixed length control field | 00530nam a22001937a 4500 |
| 003 - CONTROL NUMBER IDENTIFIER | |
| control field | OSt |
| 005 - DATE AND TIME OF LATEST TRANSACTION | |
| control field | 20231023081605.0 |
| 008 - FIXED-LENGTH DATA ELEMENTS--GENERAL INFORMATION | |
| fixed length control field | 230817b |||||||| |||| 00| 0 eng d |
| 020 ## - INTERNATIONAL STANDARD BOOK NUMBER | |
| International Standard Book Number | 9780195746167 |
| 040 ## - CATALOGING SOURCE | |
| Transcribing agency | Chuka University Library |
| 050 ## - LIBRARY OF CONGRESS CALL NUMBER | |
| Classification number | REF PL 8703 |
| Item number | K56 2019 |
| 110 ## - MAIN ENTRY--CORPORATE NAME | |
| Corporate name or jurisdiction name as entry element | Oxford University |
| 9 (RLIN) | 12854 |
| 245 ## - TITLE STATEMENT | |
| Title | Kamusi ya Kiswahili Sanifu |
| 250 ## - EDITION STATEMENT | |
| Edition statement | 4th ed |
| 260 ## - PUBLICATION, DISTRIBUTION, ETC. | |
| Place of publication, distribution, etc. | Nairobi |
| Name of publisher, distributor, etc. | Oxford University press |
| Date of publication, distribution, etc. | 2019 |
| 300 ## - PHYSICAL DESCRIPTION | |
| Extent | 791p. |
| Other physical details | Illustrated |
| 650 ## - SUBJECT ADDED ENTRY--TOPICAL TERM | |
| Topical term or geographic name entry element | Swahili |
| General subdivision | Dictionary |
| 9 (RLIN) | 12089 |
| 942 ## - ADDED ENTRY ELEMENTS (KOHA) | |
| Source of classification or shelving scheme | Library of Congress Classification |
| Koha item type | Reference Books |
| Suppress in OPAC | No |
| Withdrawn status | Lost status | Source of classification or shelving scheme | Damaged status | Not for loan | Collection | Home library | Current library | Shelving location | Date acquired | Total Checkouts | Full call number | Barcode | Date last seen | Copy number | Price effective from | Koha item type |
|---|---|---|---|---|---|---|---|---|---|---|---|---|---|---|---|---|
| Library of Congress Classification | Reference Collection | Main Campus Library | Chogoria Campus Library | Reference Section | 17/08/2023 | REF PL 8703 .K56 2019 | 21798/2023 | 17/08/2023 | 3 | 17/08/2023 | Long Loan Books | |||||
| Library of Congress Classification | Reference Collection | Main Campus Library | Chogoria Campus Library | Reference Section | 17/08/2023 | REF PL 8703 .K56 2019 | 21871/2023 | 26/08/2023 | 4 | 17/08/2023 | Long Loan Books | |||||
| Library of Congress Classification | Reference Collection | Embu Campus Library | Embu Campus Library | Reference Section | 07/04/2025 | REF PL 8703 .K56 2019 | 21735/2023 | 02/10/2023 | 5 | 07/04/2025 | Long Loan Books | |||||
| Library of Congress Classification | Reference Collection | Main Campus Library | Main Campus Library | Reference Section | 23/10/2023 | REF PL 8703 .K56 2019 | 21938/2023 | 23/10/2023 | 6 | 23/10/2023 | Reference Books |
